Barcelona 2009 - Statistiques

Statistiques générales
  • Ce quiz a été pris 44 fois
  • Le résultat moyen est 9 sur 21
Statistiques - réponses
Hint Réponse % Correct
Argentina Lionel Messi
95%
Spain Andres Iniesta
84%
France Thierry Henry
78%
Cameroun Samuel Eto'o
68%
Ivory coast Yaya Touré
65%
Spain Victor Valdes
62%
Spain Xavi Hernandez
62%
Brasil Dani Alves
57%
Spain Carles Puyol
51%
Spain Gerard Piqué
51%
Spain Sergio Busquets
49%
France Eric Abidal
41%
Mali Seydou Keita
38%
Mexico Rafael Marquez
30%
Argentina Gabriel Milito
19%
Spain Pedro Rodriguez
16%
Bielorussia Alexander Hleb
11%
Uruguay Martin Caceres
8%
Brasil Sylvinho
8%
Spain José Manuel Pinto
5%
Spain Albert Jorquera
3%
Aucun quiz correspondant
Distribution des résultats
% des personnes avec chaque résultat
Percentile par nombre de réponses
Votre historique - résultats
Vous n’avez pas pris ce quiz